Homme du match à la Coupe du Monde 2014 - Statistiques

Statistiques générales
  • Ce quiz a été pris 92 fois
    33 depuis la dernière actualisation
  • Le résultat moyen est 37 sur 64
Statistiques - réponses
Match Score Joueur % Correct
Portugal - Ghana 2 - 1 Cristiano Ronaldo
96%
Argentine - Bosnie 2 - 1 Lionel Messi
96%
Argentine - Iran 1 - 0 Lionel Messi
96%
Nigeria - Argentine 2 - 3 Lionel Messi
96%
Argentine - Suisse 1 - 0 Lionel Messi
96%
Brésil - Croatie 3 - 1 Neymar Jr
96%
Cameroun - Brésil 1 - 4 Neymar Jr
96%
Colombie - Côte d'Ivoire 2 - 1 James Rodríguez
92%
Colombie - Uruguay 2 - 0 James Rodríguez
92%
France - Honduras 3 - 0 Karim Benzema
88%
Suisse - France 2 - 5 Karim Benzema
88%
Allemagne - Portugal 4 - 0 Thomas Müller
88%
États-Unis - Allemagne 0 - 1 Thomas Müller
88%
Uruguay - Angleterre 2 - 1 Luis Suarez
83%
France - Allemagne 0 - 1 Mats Hummels
83%
Espagne - Pays-Bas 1 - 5 Robin van Persie
83%
Australie - Pays-Bas 2 - 3 Arjen Robben
75%
Pays-Bas - Chili 2 - 0 Arjen Robben
75%
Brésil - Pays-Bas 0 - 3 Arjen Robben
75%
Brésil - Colombie 2 - 1 David Luiz
75%
Belgique - Russie 1 - 0 Eden Hazard
75%
Belgique - Algérie 2 - 1 Kevin De Bruyne
75%
Allemagne - Ghana 2 - 2 Mario Götze
75%
Allemagne - Argentine 1 - 0 Mario Götze
75%
Russie - Corée du Sud 1 - 1 Son Heung-min
75%
Brésil - Allemagne 1 - 7 Toni Kroos
75%
Chili - Australie 3 - 1 Alexis Sanchez
71%
Australie - Espagne 0 - 3 David Villa
67%
Costa Rica - Angleterre 0 - 0 Keylor Navas
67%
Costa Rica - Grèce 1 - 1 pen(5-3) Keylor Navas
67%
Pays-Bas - Costa Rica 0 - 0 pen(4-3) Keylor Navas
67%
France - Nigeria 2 - 0 Paul Pogba
67%
Argentine - Belgique 1 - 0 Gonzalo Higuaín
63%
Cameroun - Croatie 0 - 4 Mario Mandzukic
63%
Suisse - Équateur 2 - 1 Xherdan Shaqiri
63%
Honduras - Suisse 0 - 3 Xherdan Shaqiri
63%
Pays-Bas - Mexique 2 - 1 Guillermo Ochoa
58%
Brésil - Mexique 0 - 0 Memo Ochoa
58%
Corée du Sud - Algérie 2 - 4 Islam Slimani
54%
Algérie - Russie 1 - 2 Islam Slimani
54%
Honduras - Équateur 1 - 2 Enner Valencia
50%
Ghana - États-Unis 1 - 2 Clint Dempsey
46%
Angleterre - Italie 1 - 2 Mario Balotelli
42%
Pays-Bas - Argentine 0 - 0 pen(2-4) Sergio Romero
42%
Italie - Costa Rica 0 - 1 Bryan Ruiz
38%
Brésil - Chili 1 - 1 pen(3-2) Júlio César
38%
Bosnie - Iran 2 - 0 Edin Dzeko
33%
Uruguay - Costa Rica 1 - 3 Joel Campbell
33%
Côte d'Ivoire - Japon 2 - 1 Yaya Toure
33%
Espagne - Chili 0 - 2 Eduardo Vargas
29%
États-Unis - Portugal 2 - 2 Tim Howard
29%
Belgique - États-Unis 2 - 1 Tim Howard
29%
Grèce - Côte d'Ivoire 2 - 1 Georgios Samaras
25%
Mexique - Cameroun 1 - 0 Giovani Dos Santos
25%
Japon - Colombie 1 - 4 Jackson Martínez
25%
Corée du Sud - Belgique 0 - 1 Jan Vertonghen
25%
Allemagne - Algérie 2 - 0 Raïs M'Bolhi
21%
Italie - Uruguay 0 - 1 Gianluigi Buffon
17%
Japon - Grèce 0 - 0 Keisuke Honda
17%
Équateur - France 0 - 0 Alexander Dominguez
13%
Croatie - Mexique 3 - 1 Rafael Marquez
13%
Iran - Nigeria 0 - 0 Obi Mikel
4%
Colombie - Grèce 3 - 0 Mario Yepes
0%
Nigeria - Bosnie 1 - 0 Peter Odemwingie
0%
Aucun quiz correspondant
Distribution des résultats
% des personnes avec chaque résultat
Percentile par nombre de réponses
Votre historique - résultats
Vous n’avez pas pris ce quiz depuis la dernière actualisation